000 00586nam a2200205Ia 4500
001 8878
003 GE_BSU
008 181216s||||||||xx |||||||||||||| ||und||
040 _cGE_BSU
080 _a821.353.1–1
100 _aკალანდაძე,გ.
245 _aლექსები
245 _cრედ.გრ.აბაშიძე;მხატვ.ვ. ბაქრაძე
260 _aთბილისი
260 _bსაბჭ.მწერალი
260 _c1955
300 _a118გვ. 16სმ;
653 _aლექსები
942 _cBK
999 _c42185
_d42185